Responses for show #3480 - Friday, October 22, 1999

Eddie Timanus game 3.

Contestants

[<< previous game]

Wendy Ball, a tour operator from Mount Prospect, Illinois

Tony Kollath, a computer network administrator from Arlington, Virginia

Eddie Timanus, a sportswriter from Reston, Virginia (whose 2-day cash winnings total $27,100)

[next game >>]

Jeopardy! Round responses

BOY MEETS WORLD
WHO'S THE BOSS
SEAQUEST
EVERYBODY LOVES RAY
MARRIED WITH CHILDREN
PARTY OF "FIVE"
    $100 6
Napoleon Bonaparte

Eddie
    $100 16
Charlie Townsend

Tony
    $100 22
Mediterranean Sea

Tony
    $100 11
Sugar Ray Leonard

Tony
    $100 21
Honeymoon

Tony
    $100 1
Five-star general

Tony
    $200 7
King Tut

Tony
    $200 17
Milburn Drysdale

Wendy
    $200 23
South Pacific

Eddie
    $200 12
Raymond Chandler

Wendy
    $200 24
Diapers

Wendy
    $200 2
Five o'clock shadow

Wendy
    $300 8
Yehudi Menuhin

Eddie
    $300 18
Mr. Roarke

Tony
    $300 25
Red Sea

Eddie
    $300 13
Ray Davies

Tony
    $300 28
(E: What is oral retentive?)
(T: What is teething?)
(Alex: Eddie, you added on to the clue & we have to rule against you, even though our researchers will check your response.)

Oral stage

EddieTony
Triple Stumper
    $300 3
Five-finger discount

Eddie
    $400 9
(Alex: Was that a guess?)
(E: Yes!)

10

Eddie
    $400 19
Larry Tate

Wendy
    $1,500 26
(less than a minute to go...)

North Sea

Eddie
    $400 14
Bob and Ray

Wendy
    $400 29
(buzzer sounds)

Chickenpox

Wendy
    $400 4
Five-cent cigar

Eddie
    $500 10
Edward VI

Eddie
    $500 20
(E: Who is Jack McGarrett?)

Steve McGarrett (played by Jack Lord)

Eddie
Triple Stumper
    $500 27
Caspian Sea

Tony
    $500 15
Ray Milland

Wendy
    $500 5
Five Year Plan

Wendy

Scores at the first commercial break (after clue 14):

Eddie Tony Wendy
$2,000 $700 $1,300

Scores at the end of the Jeopardy! Round:

Eddie Tony Wendy
$3,200 $1,500 $3,000

Double Jeopardy! Round responses

THE HAYES YEARS
THE FILM VAULT
THAT'S MY LAW
GOULASH
19th CENTURY LITERATURE
ACTORS' RHYME TIME
    $200 26
Kansas

Eddie
    $200 6
Scarface

Tony
    $200 16
Light

Eddie
    $200 21
Dr. Benjamin Spock

Wendy
    $200 8
Thomas Jefferson

Eddie
    $200 1
Fox's boxes

Tony
    $400 7
A Raisin in the Sun

Eddie
    $400 17
Elliptical

Tony
    $400 22
Jack Palance

Tony
    $400 9
Stephen Crane

Wendy
    $400 2
Shepherd's leopards

Wendy
    $600 29
(buzzer sounds)

Indiana

Eddie
    $600 10
Charlie Sheen

Tony
    $600 18
Money

Triple Stumper
    $600 23
Ham

Wendy
    $500 13
(T: What is 1000?)

2000

Tony
    $600 3
Nick's flicks

Tony
    $1,000 28
George Eastman

Eddie
    $800 11
(Alex: How soon we forget!)

John Wayne

Triple Stumper
    $800 19
Gregor Mendel

Eddie
    $800 24
(E: What is E?)
(minute to go...)

B12

EddieWendy
    $800 14
(T: What is Samara?)

Erewhon

Tony
Triple Stumper
    $800 4
(E: What are Rip's tips?)

Rip's quips

EddieTony
    $1000 27
The Molly Maguires

Triple Stumper
    $1000 12
Maximum Overdrive

Tony
    $1000 20
Elasticity

Eddie
    $1000 25
Plasma

Eddie
    $1000 15
Henry James

Triple Stumper
    $1000 5
Flockhart's Lockharts

Wendy

Scores at the end of the Double Jeopardy! Round:

Eddie Tony Wendy
$7,000 $4,400 $6,400

[wagering suggestions for these scores]

Final Jeopardy! Round responses

SISTER CITIES
TonyWhat is Assissi
$1,500
WendyWhat is Assissi?
$6,400
EddieWHAT IS ASIZI?
$6,000
Assisi (named after St. Francis of Assisi)

Final scores:

Eddie Tony Wendy
$13,000 $5,900 $12,800
3-day champion: $40,100 3rd place: 1-800 Gift Certificate 2nd place: Trip to Round Hill Hotel & Villas, Montego Bay, Jamaica

Game dynamics:

Coryat scores:

Eddie Tony Wendy
$5,700 $4,900 $6,400
18 R
(including 2 DDs),
4 W
17 R,
3 W
(including 1 DD)
15 R,
0 W

Combined Coryat: $17,000

The J! Archive is created by fans, for fans. The Jeopardy! game show and all elements thereof, including but not limited to copyright and trademark thereto, are the property of Jeopardy Productions, Inc. and are protected under law. This website is not affiliated with, sponsored by, or operated by Jeopardy Productions, Inc. Join the discussion at JBoard.tv.